000 00651nam a2200289Ia 4500
005 20260401122227.0
008 008 250103s9999 xx 000 0 eng d
020 _a0-415-26041-8
037 _aTB
040 _aEDL
040 _beng
040 _cEDL
041 _2eng
041 _aeng
084 _a880.92 GRA RR
084 _qEDL
100 _aGrant, Michael
_91232964
245 0 _aWho's Who in Classical Mythology
245 0 _cGrant, Michael
260 _aLondon
260 _bRoutledge
260 _c2002
942 _cTB
942 _h880.92 GRA RR
999 _c1845789
_d1845789